[Event "35th European Club Cup 2019"]
[Site "Ulcinj"]
[Date "2019.11.15"]
[Round "6.25"]
[White "Chigaev, Maksim"]
[Black "Sjugirov, Sanan"]
[Result "1/2-1/2"]
[WhiteElo "2623"]
[BlackElo "2657"]
[Annotator "TA"]
[PlyCount "85"]
[EventDate "2019.11.10"]
[EventType "team-tourn"]
[EventCountry "MNE"]
[SourceTitle "playchess.com"]
[Source "ChessBase"]
[SourceQuality "1"]
[WhiteTeam "Molodezka"]
[BlackTeam "Law & Order"]

{[%evp 24,85,0,0,0,0,0,0,0,0,0,0,0,-26,-25,-29,-31,-35,-29,-32,-24,-19,0,0,0,0,0,0,0,0,0,0,0,0,0,0,0,0,23,4,11,0,20,0,15,0,0,0,0,0,0,0,0,0,0,0,0,0,0,0,0,0,0,0]} 1. e4 e5 2. Nf3 Nc6 3. d4 exd4 4. Nxd4 Nf6 5. Nxc6 bxc6 6. e5 Qe7 7. Qe2 Nd5 8. g3 g6 9. c4 Ba6 10. b3 Bg7 11. Bb2 O-O 12. Bg2 Rae8 13. O-O $1 Bxe5 {C45: Scotch Game} 14. Qxe5 Qxe5 15. Bxe5 Rxe5 16. cxd5 Bxf1 17. Kxf1 cxd5 18. Na3 c6 19. Rd1 Rb8 20. Nc2 Rb6 21. Bf3 Kf8 22. Be2 {[#]} Ke7 $146 ({Predecessor:} 22... Rb8 23. Rd4 Re4 24. Rd1 Re5 25. Rd4 Re4 26. Rd1 {½-½ (26) Mamedov,R (2650)-Jakovenko,D (2704) Poikovsky 2019}) 23. f3 Kd6 24. Rd4 Rb8 25. Ra4 Ra8 26. Ra5 Kc7 27. Bd3 Kb7 28. f4 Re7 29. Kf2 Rae8 30. b4 {[%cal Bb3b4,Bb4b5][%mdl 32]} Kb8 31. Ra6 Kb7 {The position is equal.} 32. Ra5 Kb8 33. Ra6 Kb7 34. b5 Rc8 35. Nb4 Re6 36. Ra3 Kb6 37. Rc3 Ree8 38. bxc6 dxc6 39. Na6 {Rb3+ is the strong threat.} c5 40. Rb3+ Ka5 {[#] aiming for ...c4.} 41. Ra3+ Kb6 {And now ...c4 would win.} 42. Rb3+ Ka5 {White must now prevent ...c4.} 43. Ra3+ {Accuracy: White = 77%, Black = 67%.} 1/2-1/2

[Event "35th European Club Cup 2019"]
[Site "Ulcinj"]
[Date "2019.11.15"]
[Round "6.26"]
[White "Alekseev, Evgeny"]
[Black "Paravyan, David"]
[Result "1-0"]
[WhiteElo "2623"]
[BlackElo "2628"]
[Annotator "ChessBase"]
[PlyCount "109"]
[EventDate "2019.11.10"]
[EventType "team-tourn"]
[EventCountry "MNE"]
[SourceTitle "playchess.com"]
[Source "ChessBase"]
[SourceQuality "1"]
[WhiteTeam "Law & Order"]
[BlackTeam "Molodezka"]
[TimeControl "40/5400+30:1800+30"]

1. e4 {[%emt 0:00:00]} e5 {[%emt 0:00:00]} 2. Nf3 {[%emt 0:00:00]} Nc6 {[%emt 0:00:00]} 3. Bc4 {[%emt 0:00:00]} Nf6 {[%emt 0:00:00]} 4. d3 {[%emt 0:00:00]} Bc5 {[%emt 0:00:00]} 5. O-O {[%emt 0:01:17]} d6 {[%emt 0:00:00]} 6. c3 {[%emt 0:00:40]} a6 {[%emt 0:00:00]} 7. Bb3 {[%emt 0:02:02]} Ba7 {[%emt 0:00:02]} 8. Be3 {[%emt 0:01:17]} Bxe3 {[%emt 0:02:01]} 9. fxe3 {[%emt 0:00:15]} Na5 {[%emt 0:14:20]} 10. Bc2 {[%emt 0:04:32]} c5 {[%emt 0:01:15]} 11. Nbd2 {[%emt 0:02:36]} O-O {[%emt 0:01:21]} 12. a3 {[%emt 0:23:01]} Be6 {[%emt 0:18:55]} 13. b4 {[%emt 0:03:49]} Nc6 {[%emt 0:00:04]} 14. h3 {[%emt 0:02:36]} h6 {[%emt 0:02:02]} 15. Qe1 {[%emt 0:09:58]} Rc8 {[%emt 0:04:44]} 16. Rc1 {[%emt 0:00:47]} Ne7 {[%emt 0:15:23]} 17. Bb1 {[%emt 0:05:43]} Ng6 {[%emt 0:04:42]} 18. d4 {[%emt 0:04:40]} b5 {[%emt 0:06:38]} 19. Nh4 {[%emt 0:08:58]} cxb4 {[%emt 0:08:34]} 20. axb4 {[%emt 0:02:56]} a5 {[%emt 0:05:18]} 21. Bd3 {[%emt 0:09:05]} Nxh4 {[%emt 0:03:12]} 22. Qxh4 {[%emt 0:01:33]} axb4 {[%emt 0:01:36]} 23. cxb4 {[%emt 0:00:43]} Qb6 {[%emt 0:00:14]} 24. Qf2 {[%emt 0:03:24]} Bc4 {[%emt 0:03:02]} 25. Bxc4 {[%emt 0:03:47]} bxc4 {[%emt 0:00:04]} 26. dxe5 {[%emt 0:00:11]} dxe5 {[%emt 0:00:07]} 27. Rxc4 {[%emt 0:01:52]} Rxc4 {[%emt 0:00:10]} 28. Nxc4 {[%emt 0:00:02]} Qxb4 {[%emt 0:07:11]} 29. Nxe5 {[%emt 0:00:06]} Qxe4 {[%emt 0:00:20]} 30. Qf4 {[%emt 0:00:54]} Re8 {[%emt 0:02:42]} 31. Qxe4 {[%emt 0:06:06]} Nxe4 {[%emt 0:00:04]} 32. Nxf7 {[%emt 0:00:27]} Re7 {[%emt 0:00:06]} 33. Nd8 {[%emt 0:00:15]} Nf6 {[%emt 0:01:49]} 34. Re1 {[%emt 0:00:46]} Ne4 {[%emt 0:00:29]} 35. Nc6 {[%emt 0:00:17]} Rc7 {[%emt 0:00:07]} 36. Nd4 {[%emt 0:00:15]} Rc3 {[%emt 0:00:17]} 37. g4 {[%emt 0:00:44]} Rd3 {[%emt 0:00:07]} 38. Kg2 {[%emt 0:00:39]} Ra3 {[%emt 0:01:24]} 39. h4 {[%emt 0:00:33]} Kf7 {[%emt 0:00:37]} 40. Kf3 {[%emt 0:00:00]} Nf6 {[%emt 0:00:00]} 41. Rb1 {[%emt 0:06:32]} Nd5 {[%emt 0:09:07]} 42. Rb3 {[%emt 0:01:38]} Ra7 {[%emt 0:13:06]} 43. e4 {[%emt 0:03:33]} Ne7 {[%emt 0:00:04]} 44. Ke3 {[%emt 0:06:54]} Ng6 {[%emt 0:05:13]} 45. h5 {[%emt 0:01:08]} Ne5 {[%emt 0:00:04]} 46. Kf4 {[%emt 0:00:20]} Nd7 {[%emt 0:02:10]} 47. Rb4 {[%emt 0:04:28]} Nc5 {[%emt 0:02:03]} 48. Rb5 {[%emt 0:00:24]} Nd3+ {[%emt 0:01:30]} 49. Ke3 {[%emt 0:02:12]} Nc1 {[%emt 0:01:04]} 50. e5 {[%emt 0:02:31]} Na2 {[%emt 0:00:06]} 51. e6+ {[%emt 0:01:10]} Kg8 {[%emt 0:00:03]} 52. Nf5 {[%emt 0:01:26]} Ra3+ {[%emt 0:00:51]} 53. Kd2 {[%emt 0:01:50]} Ra8 {[%emt 0:00:51]} 54. e7 {[%emt 0:00:47]} Kf7 {[%emt 0:00:42]} 55. Re5 {[%emt 0:00:11]} 1-0

[Event "35th European Club Cup 2019"]
[Site "Ulcinj"]
[Date "2019.11.15"]
[Round "6.27"]
[White "Esipenko, Andrey"]
[Black "Rakhmanov, Aleksandr"]
[Result "1/2-1/2"]
[WhiteElo "2636"]
[BlackElo "2638"]
[Annotator "TA"]
[PlyCount "60"]
[EventDate "2019.11.10"]
[EventType "team-tourn"]
[EventCountry "MNE"]
[SourceTitle "playchess.com"]
[Source "ChessBase"]
[SourceQuality "1"]
[WhiteTeam "Molodezka"]
[BlackTeam "Law & Order"]

{[%evp 13,60,21,34,33,32,29,49,38,53,34,36,33,43,36,47,42,38,41,49,46,47,48,53,44,46,20,25,8,8,9,22,23,29,22,20,0,11,0,0,0,0,0,0,-12,-14,-33,0,0,0]} 1. e4 e5 2. Nf3 Nf6 3. Nxe5 d6 4. Nf3 Nxe4 5. Nc3 Nf6 6. d4 Be7 7. Bd3 O-O 8. O-O {C42: Petroff Defence: 3 Nxe5 and unusual White 3rd moves} Re8 (8... Nc6 9. h3 Nb4 10. Bc4 d5 11. Bb3 c6 12. Re1 Na6 13. Ne2 Nc7 14. Ng3 Nfe8 15. c3 Nd6 {1-0 (98) Vachier Lagrave,M (2778)-Yu,Y (2752) Saint Louis 2019}) 9. Re1 h6 10. h3 {White is slightly better.} Bf8 $146 ({Predecessor:} 10... Nbd7 11. Bd2 Nf8 12. Ne2 d5 13. Bf4 Ne4 14. c3 {½-½ (36) Anikeev,V (2189)-Nett,P (2121) ICCF email 2013}) 11. Rxe8 Qxe8 12. Bf4 Be6 13. Qd2 Qd7 14. Ne4 Nxe4 15. Bxe4 d5 16. Bd3 Nc6 {[%cal Bb8c6,Bc6e7,Be7g6][%mdl 32]} 17. c3 a6 18. Re1 Rc8 19. b4 Bf5 20. a4 Bxd3 21. Qxd3 Ne7 22. a5 Ng6 23. Bg3 c6 24. Re3 Re8 25. Nd2 (25. Be5 {keeps more tension.} Be7 26. Re1 Bg5 27. Kf1 Re6 28. g3) 25... Re7 26. Nb3 Rxe3 27. fxe3 Qe6 28. Nd2 f5 29. Qe2 f4 30. Bf2 fxe3 {Accuracy: White = 48%, Black = 69%.} 1/2-1/2

[Event "35th European Club Cup 2019"]
[Site "Ulcinj"]
[Date "2019.11.15"]
[Round "6.28"]
[White "Kokarev, Dmitry"]
[Black "Yuffa, Daniil"]
[Result "1-0"]
[WhiteElo "2601"]
[BlackElo "2578"]
[Annotator "ChessBase"]
[PlyCount "131"]
[EventDate "2019.11.10"]
[EventType "team-tourn"]
[EventCountry "MNE"]
[SourceTitle "playchess.com"]
[Source "ChessBase"]
[SourceQuality "1"]
[WhiteTeam "Law & Order"]
[BlackTeam "Molodezka"]
[TimeControl "40/5400+30:1800+30"]

1. g3 {[%emt 0:00:00]} e5 {[%emt 0:00:32]} 2. c4 {[%emt 0:00:00]} Nc6 {[%emt 0:00:20]} 3. Bg2 {[%emt 0:00:00]} Bc5 {[%emt 0:00:43]} 4. Nc3 {[%emt 0:00:00]} d6 {[%emt 0:02:01]} 5. e3 {[%emt 0:00:16]} a6 {[%emt 0:03:41]} 6. Nf3 {[%emt 0:00:22]} Nf6 {[%emt 0:02:50]} 7. O-O {[%emt 0:02:10]} O-O {[%emt 0:01:46]} 8. Qc2 {[%emt 0:07:20]} Be6 {[%emt 0:06:56]} 9. d3 {[%emt 0:06:19]} Qd7 {[%emt 0:07:02]} 10. Ng5 {[%emt 0:03:30]} Bf5 {[%emt 0:01:01]} 11. Nge4 {[%emt 0:01:26]} Nxe4 {[%emt 0:01:45]} 12. dxe4 {[%emt 0:00:10]} Be6 {[%emt 0:02:03]} 13. Nd5 {[%emt 0:06:31]} Nb8 {[%emt 0:05:47]} 14. b3 {[%emt 0:04:55]} c6 {[%emt 0:04:03]} 15. Nc3 {[%emt 0:00:06]} b5 {[%emt 0:00:13]} 16. Rd1 {[%emt 0:00:33]} Qc7 {[%emt 0:05:49]} 17. cxb5 {[%emt 0:09:04]} axb5 {[%emt 0:02:34]} 18. Bd2 {[%emt 0:04:26]} Na6 {[%emt 0:04:30]} 19. a4 {[%emt 0:02:56]} bxa4 {[%emt 0:07:06]} 20. bxa4 {[%emt 0:11:48]} Nb4 {[%emt 0:07:57]} 21. Qb2 {[%emt 0:00:07]} Rfb8 {[%emt 0:02:10]} 22. Rdb1 {[%emt 0:00:16]} h5 {[%emt 0:01:47]} 23. Qc1 {[%emt 0:04:17]} h4 {[%emt 0:03:10]} 24. gxh4 {[%emt 0:01:19]} Qd8 {[%emt 0:02:09]} 25. Ne2 {[%emt 0:01:45]} Qxh4 {[%emt 0:09:44]} 26. Bxb4 {[%emt 0:09:30]} Bxb4 {[%emt 0:00:04]} 27. Qxc6 {[%emt 0:00:29]} Rc8 {[%emt 0:00:11]} 28. Qb5 {[%emt 0:00:27]} Bc5 {[%emt 0:01:10]} 29. Nc1 {[%emt 0:06:24]} g6 {[%emt 0:04:40]} 30. Qe2 {[%emt 0:00:37]} Bg4 {[%emt 0:01:14]} 31. Bf3 {[%emt 0:01:50]} Bh3 {[%emt 0:00:43]} 32. Nb3 {[%emt 0:02:53]} Kg7 {[%emt 0:00:12]} 33. Nd2 {[%emt 0:02:23]} Rh8 {[%emt 0:00:56]} 34. Nf1 {[%emt 0:02:40]} Bxf1 {[%emt 0:01:05]} 35. Kxf1 {[%emt 0:00:05]} Qg5 {[%emt 0:01:13]} 36. Bg2 {[%emt 0:02:04]} Rxh2 {[%emt 0:01:49]} 37. Qf3 {[%emt 0:00:09]} Ra7 {[%emt 0:01:40]} 38. a5 {[%emt 0:00:23]} Rh8 {[%emt 0:01:51]} 39. a6 {[%emt 0:01:45]} Rha8 {[%emt 0:00:04]} 40. Qe2 {[%emt 0:00:00]} Re7 {[%emt 0:00:00]} 41. Ra2 {[%emt 0:04:08]} Re6 {[%emt 0:01:10]} 42. Rb3 {[%emt 0:07:38]} Rf6 {[%emt 0:01:03]} 43. f3 {[%emt 0:00:28]} Qg4 {[%emt 0:08:24]} 44. Ke1 {[%emt 0:01:34]} Qg5 {[%emt 0:02:09]} 45. Kf1 {[%emt 0:03:35]} Qh5 {[%emt 0:02:13]} 46. Ke1 {[%emt 0:03:05]} Qh2 {[%emt 0:02:11]} 47. Kd2 {[%emt 0:03:23]} d5 {[%emt 0:03:58]} 48. exd5 {[%emt 0:04:55]} Rd6 {[%emt 0:00:04]} 49. e4 {[%emt 0:01:43]} Rc8 {[%emt 0:04:50]} 50. Bf1 {[%emt 0:01:53]} Qf4+ {[%emt 0:01:56]} 51. Kd1 {[%emt 0:00:19]} Ba7 {[%emt 0:07:19]} 52. Rc2 {[%emt 0:00:39]} Rdd8 {[%emt 0:01:02]} 53. Rc4 {[%emt 0:01:41]} Rb8 {[%emt 0:01:19]} 54. Kc2 {[%emt 0:01:37]} Rxb3 {[%emt 0:01:18]} 55. Kxb3 {[%emt 0:00:03]} Rb8+ {[%emt 0:00:06]} 56. Rb4 {[%emt 0:00:28]} Rc8 {[%emt 0:00:04]} 57. Rc4 {[%emt 0:00:14]} Rb8+ {[%emt 0:01:08]} 58. Rb4 {[%emt 0:00:07]} Rc8 {[%emt 0:00:02]} 59. Rc4 {[%emt 0:00:06]} Bc5 {[%emt 0:00:35]} 60. a7 {[%emt 0:01:50]} Qf6 {[%emt 0:00:06]} 61. Rxc5 {[%emt 0:00:27]} Rxc5 {[%emt 0:00:06]} 62. a8=Q {[%emt 0:00:17]} Qb6+ {[%emt 0:00:01]} 63. Ka2 {[%emt 0:00:46]} Ra5+ {[%emt 0:00:36]} 64. Qxa5 {[%emt 0:00:09]} Qxa5+ {[%emt 0:00:01]} 65. Kb3 {[%emt 0:00:18]} Qb6+ {[%emt 0:00:04]} 66. Qb5 {[%emt 0:00:08]} 1-0

[Event "35th European Club Cup 2019"]
[Site "Ulcinj"]
[Date "2019.11.15"]
[Round "6.29"]
[White "Antipov, Mikhail Al."]
[Black "Rozum, Ivan"]
[Result "0-1"]
[WhiteElo "2558"]
[BlackElo "2593"]
[Annotator "ChessBase"]
[PlyCount "80"]
[EventDate "2019.11.10"]
[EventType "team-tourn"]
[EventCountry "MNE"]
[SourceTitle "playchess.com"]
[Source "ChessBase"]
[SourceQuality "1"]
[WhiteTeam "Molodezka"]
[BlackTeam "Law & Order"]
[TimeControl "40/5400+30:1800+30"]

1. e4 {[%emt 0:00:00]} c6 {[%emt 0:00:00]} 2. Nf3 {[%emt 0:00:00]} d5 {[%emt 0:00:00]} 3. d3 {[%emt 0:00:00]} g6 {[%emt 0:01:50]} 4. e5 {[%emt 0:00:00]} Bg7 {[%emt 0:00:34]} 5. h3 {[%emt 0:00:50]} f6 {[%emt 0:02:20]} 6. d4 {[%emt 0:02:17]} fxe5 {[%emt 0:06:40]} 7. Nxe5 {[%emt 0:04:39]} Nd7 {[%emt 0:00:51]} 8. f4 {[%emt 0:01:40]} Nxe5 {[%emt 0:01:21]} 9. dxe5 {[%emt 0:01:26]} Nh6 {[%emt 0:01:33]} 10. a4 {[%emt 0:33:06]} a5 {[%emt 0:23:14]} 11. Ra3 {[%emt 0:01:01]} O-O {[%emt 0:01:54]} 12. Be2 {[%emt 0:14:29]} g5 {[%emt 0:03:06]} 13. O-O {[%emt 0:01:14]} gxf4 {[%emt 0:03:27]} 14. Bxf4 {[%emt 0:01:11]} Qb6+ {[%emt 0:12:02]} 15. Kh1 {[%emt 0:05:38]} Rxf4 {[%emt 0:03:51]} 16. Rxf4 {[%emt 0:00:06]} Qxb2 {[%emt 0:00:21]} 17. Re3 {[%emt 0:17:37]} Nf5 {[%emt 0:07:40]} 18. Ref3 {[%emt 0:04:40]} Qxe5 {[%emt 0:00:17]} 19. Qf1 {[%emt 0:00:12]} Nd6 {[%emt 0:04:32]} 20. Rf8+ {[%emt 0:05:29]} Bxf8 {[%emt 0:00:05]} 21. Rxf8+ {[%emt 0:00:04]} Kg7 {[%emt 0:00:03]} 22. Bd3 {[%emt 0:00:07]} Nf5 {[%emt 0:10:18]} 23. Bxf5 {[%emt 0:00:23]} Kxf8 {[%emt 0:00:04]} 24. Bxc8+ {[%emt 0:00:05]} Qf6 {[%emt 0:02:06]} 25. Qxf6+ {[%emt 0:00:07]} exf6 {[%emt 0:00:04]} 26. Bf5 {[%emt 0:00:07]} Re8 {[%emt 0:02:04]} 27. Kh2 {[%emt 0:05:16]} Re1 {[%emt 0:00:35]} 28. Nd2 {[%emt 0:01:29]} Ra1 {[%emt 0:00:09]} 29. Bc8 {[%emt 0:00:10]} b6 {[%emt 0:06:01]} 30. Bb7 {[%emt 0:00:35]} Ra2 {[%emt 0:01:17]} 31. Nb3 {[%emt 0:00:55]} Rxc2 {[%emt 0:00:20]} 32. Nd4 {[%emt 0:00:04]} Rc4 {[%emt 0:00:07]} 33. Nxc6 {[%emt 0:00:04]} Rxa4 {[%emt 0:00:38]} 34. Na7 {[%emt 0:01:11]} d4 {[%emt 0:00:45]} 35. Ba6 {[%emt 0:00:21]} Ra1 {[%emt 0:01:15]} 36. Nc6 {[%emt 0:00:30]} Rd1 {[%emt 0:00:30]} 37. Be2 {[%emt 0:00:24]} Rd2 {[%emt 0:00:27]} 38. Bb5 {[%emt 0:00:06]} d3 {[%emt 0:00:45]} 39. Nd4 {[%emt 0:01:21]} Rd1 {[%emt 0:00:51]} 40. Kg3 {[%emt 0:00:00]} d2 {[%emt 0:00:00]} 0-1

[Event "35th European Club Cup 2019"]
[Site "Ulcinj"]
[Date "2019.11.15"]
[Round "6.30"]
[White "Sychev, Klementy"]
[Black "Kryakvin, Dmitry"]
[Result "1-0"]
[WhiteElo "2578"]
[BlackElo "2605"]
[Annotator "ChessBase"]
[PlyCount "87"]
[EventDate "2019.11.10"]
[EventType "team-tourn"]
[EventCountry "MNE"]
[SourceTitle "playchess.com"]
[Source "ChessBase"]
[SourceQuality "1"]
[WhiteTeam "Law & Order"]
[BlackTeam "Molodezka"]
[TimeControl "40/5400+30:1800+30"]

1. e4 {[%emt 0:00:00]} e6 {[%emt 0:00:00]} 2. d4 {[%emt 0:00:00]} d5 {[%emt 0:00:00]} 3. Nc3 {[%emt 0:01:13]} Nf6 {[%emt 0:00:00]} 4. e5 {[%emt 0:06:17]} Nfd7 {[%emt 0:00:20]} 5. Nce2 {[%emt 0:00:22]} c5 {[%emt 0:00:40]} 6. c3 {[%emt 0:00:03]} Nc6 {[%emt 0:00:43]} 7. Nf3 {[%emt 0:00:04]} Qa5 {[%emt 0:08:29]} 8. a3 {[%emt 0:00:35]} Be7 {[%emt 0:07:31]} 9. Rb1 {[%emt 0:14:13]} c4 {[%emt 0:19:01]} 10. Nf4 {[%emt 0:20:04]} b5 {[%emt 0:08:50]} 11. h4 {[%emt 0:03:44]} Qa4 {[%emt 0:07:37]} 12. Qxa4 {[%emt 0:05:47]} bxa4 {[%emt 0:00:06]} 13. Be2 {[%emt 0:03:37]} Na5 {[%emt 0:08:43]} 14. Bd1 {[%emt 0:00:52]} Nb3 {[%emt 0:01:28]} 15. Be3 {[%emt 0:00:16]} Rb8 {[%emt 0:01:40]} 16. Bc2 {[%emt 0:01:05]} Nb6 {[%emt 0:00:40]} 17. Nh5 {[%emt 0:10:46]} Bf8 {[%emt 0:04:05]} 18. Ng5 {[%emt 0:03:22]} h6 {[%emt 0:02:55]} 19. Nh7 {[%emt 0:00:48]} Nd7 {[%emt 0:00:06]} 20. Nxf8 {[%emt 0:00:07]} Kxf8 {[%emt 0:00:13]} 21. g4 {[%emt 0:00:11]} g6 {[%emt 0:03:53]} 22. Ng3 {[%emt 0:00:10]} Kg7 {[%emt 0:02:34]} 23. f4 {[%emt 0:03:04]} f6 {[%emt 0:00:23]} 24. h5 {[%emt 0:03:32]} g5 {[%emt 0:02:45]} 25. exf6+ {[%emt 0:05:05]} Nxf6 {[%emt 0:00:06]} 26. fxg5 {[%emt 0:00:09]} Nxg4 {[%emt 0:03:52]} 27. gxh6+ {[%emt 0:00:06]} Rxh6 {[%emt 0:00:03]} 28. Bxh6+ {[%emt 0:00:35]} Kxh6 {[%emt 0:00:04]} 29. Rf1 {[%emt 0:02:41]} e5 {[%emt 0:01:38]} 30. Rf8 {[%emt 0:04:38]} exd4 {[%emt 0:00:49]} 31. Bf5 {[%emt 0:00:14]} Rb7 {[%emt 0:02:03]} 32. Bxc8 {[%emt 0:00:54]} Re7+ {[%emt 0:01:19]} 33. Kf1 {[%emt 0:00:08]} Nd2+ {[%emt 0:04:47]} 34. Kg1 {[%emt 0:00:04]} Ne3 {[%emt 0:00:56]} 35. Re1 {[%emt 0:01:43]} Rg7 {[%emt 0:01:52]} 36. Kh2 {[%emt 0:00:23]} Re7 {[%emt 0:03:30]} 37. Kh3 {[%emt 0:02:01]} dxc3 {[%emt 0:00:13]} 38. bxc3 {[%emt 0:00:11]} d4 {[%emt 0:00:02]} 39. cxd4 {[%emt 0:01:12]} c3 {[%emt 0:00:02]} 40. Rf6+ {[%emt 0:00:00]} Kg5 {[%emt 0:00:00]} 41. Rg6+ {[%emt 0:02:14]} Kf4 {[%emt 0:01:44]} 42. Ne2+ {[%emt 0:00:41]} Ke4 {[%emt 0:01:30]} 43. Nxc3+ {[%emt 0:02:03]} Kxd4 {[%emt 0:00:07]} 44. Nd1 {[%emt 0:01:19]} 1-0

[Event "35th European Club Cup 2019"]
[Site "Ulcinj"]
[Date "2019.11.15"]
[Round "6.31"]
[White "Henderson De La Fuente, Lance"]
[Black "Berkes, Ferenc"]
[Result "1/2-1/2"]
[WhiteElo "2497"]
[BlackElo "2647"]
[Annotator "TA"]
[PlyCount "177"]
[EventDate "2019.11.10"]
[EventType "team-tourn"]
[EventCountry "MNE"]
[SourceTitle "playchess.com"]
[Source "ChessBase"]
[SourceQuality "1"]
[WhiteTeam "Mulhouse"]
[BlackTeam "WorldTradingLab Club"]

{[%evp 10,177,16,16,19,18,17,18,16,19,20,23,18,6,7,5,8,0,0,0,0,-7,10,19,17,17,21,18,20,-49,-13,-25,0,0,0,0,36,31,37,33,48,45,68,0,17,15,20,21,25,21,20,19,12,4,18,48,62,21,48,51,43,41,46,38,43,18,159,137,153,147,155,141,154,133,177,108,91,87,107,104,116,106,106,110,165,165,195,0,0,0,0,-8,-8,-8,-8,-8,0,0,0,0,8,8,8,8,8,8,8,8,8,8,8,8,8,8,8,7,7,7,8,7,7,0,8,8,8,7,8,8,8,7,7,7,8,8,8,8,8,8,15,15,15,15,15,15,15,15,15,8,15,15,15,15,15,15,15,15,15,15,15,0,15,15,15,15,15,15,15,0,0,0]} 1. e4 c6 2. d4 d5 3. e5 Bf5 4. Nd2 e6 5. Nb3 Nd7 6. Nf3 c5 {B12: Caro-Kann: Advance Variation} 7. dxc5 Bxc5 8. Nxc5 Qa5+ 9. c3 Qxc5 10. Nd4 Ne7 11. Be3 Qc8 $146 ({Predecessor:} 11... Qc7 12. f4 a6 13. Be2 Be4 14. O-O {½-½ (67) Tari,A (2620)-Dreev,A (2670) St Petersburg 2018}) 12. f4 Be4 13. Qd2 O-O 14. h4 f6 15. O-O-O Nf5 16. Nxf5 Bxf5 17. exf6 Nxf6 18. Bd4 Qc6 19. b3 ({Better is} 19. Bd3 $11) 19... Ne4 20. Qe3 Bg4 21. Re1 $1 Qd6 22. g3 Qa3+ 23. Kb1 Rac8 24. Rh2 Bf5 {( -> ...Nd2+!)} 25. Ka1 Rf7 26. Be5 (26. h5 $14) 26... a5 27. Bd3 {[%cal Rd3e4]} Nc5 28. Bxf5 exf5 29. Kb1 Ne4 30. Rc2 Rd7 31. h5 h6 32. Rg1 Qf8 33. Qd4 Qc5 34. Qxc5 Rxc5 35. g4 fxg4 36. Rxg4 Rc6 37. Rg6 Nd6 (37... Rxg6 $11 {keeps the balance.} 38. hxg6 Ng3) 38. Rcg2 $16 {[%cal Rg6g7]} Nf5 39. Rxc6 $1 bxc6 {[%mdl 4096] Endgame KRB-KRN} 40. Rg6 c5 41. Kc2 a4 42. Rc6 ({Don't do} 42. bxa4 $6 Ra7 $16) (42. b4 $18) 42... axb3+ 43. axb3 c4 44. b4 {[%cal Bb3b4,Bb4b5][%mdl 32]} ({Don't play} 44. bxc4 $6 dxc4 45. Kb2 Ng3 $11) 44... Rb7 45. Rc5 Kf7 46. Kb2 Ke6 {[#]} (46... Ng3 $16 {might work better.}) 47. b5 $1 $18 Ng3 {[#]} 48. Ka3 $2 ({Only move:} 48. Rc6+ $1 $18 Ke7 49. b6 (49. Bxg7 Rxb5+ 50. Kc2 Nxh5 $11)) 48... Nxh5 $11 {White should prevent ...g5.The position is equal.} 49. Kb4 {Ka5 is the strong threat.} g5 50. Rc6+ Kf5 51. Rxh6 Nxf4 52. Bd4 g4 53. b6 Ne2 54. Rh5+ Kg6 55. Rxd5 {And now Be3 would win.} Nxd4 56. Rxd4 {[%mdl 64] Double Attack} Rxb6+ {[#] KR-KR} 57. Kc5 $1 {[%mdl 512]} Rb8 {White must now prevent ...Rc8+.} 58. Rxg4+ Kf5 59. Rxc4 Ke5 60. Rd4 $1 Rc8+ 61. Kb4 Rb8+ 62. Kc4 Rc8+ 63. Kd3 Rh8 64. Rd7 Ke6 65. Rd4 Ke5 66. Kc2 Rb8 67. Rd7 Ke6 68. Rd2 Rc8 69. Rd3 Ke5 70. Rd7 Ke6 71. Rd1 Ke5 72. Rd3 Rc7 73. Rd8 Ke6 74. Kb3 Rb7+ 75. Kc4 Rc7+ 76. Kd4 Rc6 77. Rh8 {aiming for Rh6+.} Kd7 78. c4 Rg6 79. Kc5 Kc7 80. Rh7+ Kc8 81. Kb5 Rf6 82. c5 $1 Rg6 83. Kc4 Rg4+ 84. Kb5 Rg6 85. Re7 Rh6 86. Kc4 Rh4+ 87. Kd5 Rh5+ 88. Kd6 {Hoping for Re8+.} Rh6+ 89. Re6 {Accuracy: White = 72%, Black = 64%.} 1/2-1/2